000 00642nam a2200205Ia 4500
005 20250508165913.0
008 008 250505s9999 xx 000 0 eng d
020 _a0-7619-6937-3
037 _aTextBook
040 _aFEDL
_beng
_cFEDL
041 _aeng
_2eng
084 _a155.092, VYG/R
_qFEDL
100 _aLangford Peter E
_9411796
245 0 _aVygotsky's developmental and educational psychology
260 _aNew York, USA
_bPsychology Press
_c2005
300 _a301p.
546 _aGifted by H.O.D. Namita Ranganathan in memory of Prof. Arvind Gaysu
942 _cTB
_h155.092, VYG/R
999 _c1398098
_d1398098